000 00479nmm a2200169Ia 4500
008 251105s9999||||xx |||||||||||||||||und||
020 _a9788496582378
041 _aspa
100 _aMedem, Julio
245 0 _aCaótica Ana :
_b guión cinematográfico de Julio Medem
264 _a[Madrid, España] :
_bOcho y Medio,
_c2007
300 _a192 páginas
490 _aEspiral
650 _aFilm studies
856 _uhttps://public.digitaliapublishing.com/a/326
942 _cCF
999 _c90008
_d90008